Statistics for Sports Stars by Picture and Letter -- 'R'

Click here to take the quiz!

General Stats

  • This quiz has been taken 34 times
  • The average score is 9 of 20

Answer Stats

Answer% Correct
Cristiano Ronaldo
87%
Ronaldo
87%
Babe Ruth
81%
Ronaldinho
77%
Arjen Robben
58%
Kimi Räikkönen
58%
Rodri
52%
Bill Russell
45%
Paolo Rossi
45%
Valentino Rossi
45%
Jerry Rice
42%
Sugar Ray Robinson
42%
Jon Rahm
39%
Manny Ramirez
39%
Joe Root
35%
Paula Radcliffe
35%
David Rudisha
23%
Yulimar Rojas
23%
Elena Rybakina
19%
Benjamin Raich
10%

Score Distribution

Percentile by Number Answered

Percent of People with Each Score

Your Score History

You have not taken this quiz